Analýza investičnej pomoci pre zahraničných investorov na Slovensku v rokoch 2002-2018

Teoretické pozadie poskytovania investičných stimulov. Investičné stimuly na Slovensku v rokoch 2002 až 2018. Desať najväčších investičných stimulov poskytnutých v rokoch 2002 až 2018.

Enregistré dans:
Détails bibliographiques
Auteur principal: Dudáš, Tomáš, 1976-
Format: Chapitre de livre
Langue:slovaque
Sujets:
Tags: Ajouter un tag
Pas de tags, Soyez le premier à ajouter un tag!

MARC

LEADER 00000naa$a2200000$$$4500
001 0257478
005 20240502074102.4
041 0 |a slo 
044 |a SK 
245 1 0 |a Analýza investičnej pomoci pre zahraničných investorov na Slovensku v rokoch 2002-2018  |c Tomáš Dudáš 
520 |a Teoretické pozadie poskytovania investičných stimulov. Investičné stimuly na Slovensku v rokoch 2002 až 2018. Desať najväčších investičných stimulov poskytnutých v rokoch 2002 až 2018. 
610 2 0 |a investície 
610 2 0 |a stimuly investičné 
610 2 0 |a Slovensko 
100 1 |a Dudáš, Tomáš, 1976-